Sú certifikačné značky pre všetkých záväzné?

Informácie odboru skúšobníctva Úradu pre normalizáciu, metrológiu a skúšobníctvo (ÚNMS) v Bratislave o slovenských certifikačných značkách a označovaní certifikovaných výrobkov. Vyhláška č. 246/1995 Z. z. ÚNMS SR o certifikácii výrobkov.

Salvato in:
Dettagli Bibliografici
Natura: Capitolo di libro
Lingua:slovacco
Soggetti:
Tags: Aggiungi Tag
Nessun Tag, puoi essere il primo ad aggiungerne!!

MARC

LEADER 00000naa a2200000 4500
001 r022982
005 20230801104315.9
041 0 |a slo 
044 |a SK 
245 1 0 |a Sú certifikačné značky pre všetkých záväzné? 
520 |a Informácie odboru skúšobníctva Úradu pre normalizáciu, metrológiu a skúšobníctvo (ÚNMS) v Bratislave o slovenských certifikačných značkách a označovaní certifikovaných výrobkov. Vyhláška č. 246/1995 Z. z. ÚNMS SR o certifikácii výrobkov. 
610 2 0 |a Slovensko 
610 2 0 |a 1995 
610 2 0 |a 1996 
610 2 0 |a certifikácia 
610 2 0 |a značky výrobné 
610 2 0 |a vyhlášky 
610 2 0 |a skúšobne štátne 
610 2 0 |a ÚNMS SR Bratislava